Science Quiz

Random Science or Animal Quiz
Score 0/25 Timer 05:00
0 Plays Today
% Correct
Pig Fish
83.4%
Axolotl
83%
Blobfish
81.4%
Glaucus Atlanticus
73.6%
Uakari Monkey
71%
Indian Bullfrog
69.5%
Unicorn
68.1%
Nicobar Pigeon
66.9%
Gerenuk
65.9%
Pink Orchid Mantis
64.5%
Drop bear
63.7%
Rainbow Cricket
61.6%
Angry Bird
60.3%
% Correct
Photoshopped Pygmy Owl
60.1%
Mantis Shrimp
58.4%
Black lion (originally white)
58.4%
Wild Haggis
57.6%
Red-lipped Batfish
56.4%
Hawk Moth
55.7%
Lowland Streaked Tenrec
53.3%
Saiga
46.2%
This is a doll.
42.3%
Baluchistan Pygmy Jerboa
39.6%
Lizard without legs
37.3%
Spider with 10 legs
26.1%
Remove Ads.
Support Sporcle.
Get the best of Sporcle when you Go Orange. This ad-free experience offers more features, more stats, and more fun while also helping to support Sporcle. Thank you for becoming a member.

You're not logged in!

Compare scores with friends on all Sporcle quizzes.
OR
Log In

Show Comments

Extras

Top Quizzes Today


Score Distribution

Your Account Isn't Verified!

In order to create a playlist on Sporcle, you need to verify the email address you used during registration. Go to your Sporcle Settings to finish the process.

Report this User

Report this user for behavior that violates our Community Guidelines.

Details: